000 005800000a22001810004500
003 MACL
005 20160607143328.0
008 160607b xxu||||| |||| 00| 0 eng d
040 _aMACL
_cMACL
041 _aHindi
082 _a954 HAB
100 _aहबीब, इरफान
_962690
245 _aभारतीय इतिहास में मध्‍यकाल
_cइरफान हबीब
260 _bग्रंथ शिल्‍पी
_c2002
_aनई दिल्‍ली
350 _a350
650 _aHistory
_962691
942 _cHIN
_k954/HAB
_2ddc
999 _c42795
_d42795